000
00358nam a2200157Ia 4500
008
210716s2003 xx 000 0 und d
020
_a
9812542663
041
_a
eng
082
_a
658.315 BERL
100
_a
Berry, L;illy M.
245
_a
Employee selection.
250
_a
1
260
_a
Australia
_b
Thomson
_c
2003
300
_a
xx,506
650
_a
None
999
_c
202079
_d
202079